[Event "ICS Rated standard match"]
[Site "207.99.83.229"]
[Date "1999.06.10"]
[Round "?"]
[White "Alex72"]
[Black "Hossa"]
[Result "0-1"]
[WhiteElo "2071"]
[BlackElo "2268"]
[PlyCount "88"]

1. e4 Nf6 2. e5 Nd5 3. Nf3 d6 4. exd6 exd6 5. d4 Nc6 6. Bb5 Qe7+ 7. Qe2 Bf5 8.
Qxe7+ Bxe7 9. O-O Bxc2 10. Nc3 Nxc3 11. bxc3 O-O 12. Bxc6 bxc6 13. Bf4 Rfe8 14.
Rfe1 Bf8 15. Rac1 Bd3 16. c4 Rxe1+ 17. Nxe1 Bf5 18. c5 Be4 19. f3 Bd5 20. a3
Be7 21. Nd3 Re8 22. Nb4 Bf6 23. Rd1 Bxd4+ 24. Rxd4 dxc5 25. Rd1 cxb4 26. axb4
Rb8 27. Bxc7 Rxb4 28. Re1 h5 29. Re5 h4 30. h3 Kh7 31. Re8 Ra4 32. Re1 Kg6 33.
Bd8 f6 34. Bc7 Ra2 35. Bf4 Kf5 36. Be3 a5 37. Bf2 g5 38. Rb1 Kf4 39. Re1 f5 40.
Bb6 Kg3 41. Kh1 Rxg2 42. Bxa5 Rh2+ 43. Kg1 Bxf3 44. Bc7+ 44... f4 {
Alex72 resigns} 0-1

[Event "ICS rated blitz match"]
[Site "207.99.83.229"]
[Date "1999.06.10"]
[Round "?"]
[White "Hossa"]
[Black "monkeys"]
[Result "1-0"]
[WhiteElo "2498"]
[BlackElo "2237"]
[PlyCount "76"]

1. d4 Nf6 2. c4 g6 3. Nc3 Bg7 4. e4 d6 5. Nf3 O-O 6. Be2 c6 7. O-O a6 8. Bg5 b5
9. cxb5 axb5 10. e5 Ne8 11. a4 b4 12. Ne4 Bf5 13. Ng3 Be6 14. exd6 Nxd6 15. Qd2
Bd5 16. Qxb4 h6 17. Bf4 Na6 18. Qd2 Nc7 19. Bxh6 Nc4 20. Bxc4 Bxc4 21. Bxg7
Kxg7 22. Rfc1 Bd5 23. Qg5 Ne6 24. Nf5+ Kg8 25. Nxe7+ Kg7 26. Nf5+ Kg8 27. Qxd8
Rfxd8 28. Ne7+ Kg7 29. Nxd5 cxd5 30. b4 Rdb8 31. b5 Ra5 32. Rcb1 Rba8 33. Rb4
Nd8 34. Ne5 Nb7 35. Nc6 Nd6 36. Nxa5 Rxa5 37. b6 Nb7 38. Rb5 38... Ra6 {
monkeys resigns} 1-0

[Event "ICS rated blitz match"]
[Site "207.99.83.229"]
[Date "1999.06.10"]
[Round "?"]
[White "monkeys"]
[Black "Hossa"]
[Result "0-1"]
[WhiteElo "2242"]
[BlackElo "2504"]
[PlyCount "20"]

1. e4 Nf6 2. Nc3 d5 3. exd5 Nxd5 4. Bc4 Be6 5. Bb3 Nxc3 6. bxc3 Bxb3 7. axb3 e6
8. Nf3 Be7 9. d4 O-O 10. Ne5 10... Nd7 {monkeys resigns} 0-1

[Event "ICS rated blitz match"]
[Site "207.99.83.229"]
[Date "1999.06.10"]
[Round "?"]
[White "Hossa"]
[Black "knightmare51"]
[Result "1-0"]
[WhiteElo "2510"]
[BlackElo "2177"]
[PlyCount "65"]

1. d4 e6 2. c4 d5 3. cxd5 exd5 4. Nc3 c6 5. Nf3 Be7 6. e4 dxe4 7. Nxe4 Nf6 8.
Nc3 O-O 9. Be2 Bg4 10. O-O Nbd7 11. Ne5 Bxe2 12. Qxe2 Nd5 13. f4 N7f6 14. Qd3
Bb4 15. Bd2 Bxc3 16. bxc3 Nd7 17. c4 N5f6 18. Rae1 Re8 19. Bc3 Nb6 20. Qf5 Qc8
21. Qg5 h6 22. Qh4 Na4 23. Ba5 b6 24. Bd2 b5 25. cxb5 cxb5 26. f5 Nc3 27. Bxh6
gxh6 28. Qxf6 Qb7 29. Re3 Ne4 30. Qxh6 f6 31. Rxe4 Qxe4 32. Qg6+ Kh8 33. Nf7# {
knightmare51 checkmated} 1-0

[Event "ICS rated blitz match"]
[Site "207.99.83.229"]
[Date "1999.06.10"]
[Round "?"]
[White "brutus"]
[Black "Hossa"]
[Result "0-1"]
[WhiteElo "2199"]
[BlackElo "2514"]
[PlyCount "32"]

1. e4 Nf6 2. Nc3 d5 3. e5 Nfd7 4. d4 e6 5. Nce2 Be7 6. f4 O-O 7. Nf3 c5 8. c3
f6 9. Ng3 fxe5 10. fxe5 Nc6 11. Bd3 cxd4 12. cxd4 Qb6 13. Be3 Ndxe5 14. O-O Ng4
15. Qd2 e5 16. Nxe5 16... Ncxe5 {brutus resigns} 0-1

[Event "ICS rated blitz match"]
[Site "207.99.83.229"]
[Date "1999.06.10"]
[Round "?"]
[White "monkeys"]
[Black "Hossa"]
[Result "0-1"]
[WhiteElo "2223"]
[BlackElo "2518"]
[PlyCount "60"]

1. e4 Nf6 2. e5 Nd5 3. Nf3 d6 4. Bc4 e6 5. d4 dxe5 6. Nxe5 Nd7 7. O-O Be7 8. f4
O-O 9. Nc3 N7f6 10. Kh1 c5 11. dxc5 Nxc3 12. Qxd8 Rxd8 13. bxc3 Bxc5 14. f5 Ne4
15. Bf4 Nf2+ 16. Rxf2 Bxf2 17. Rf1 Bh4 18. Nxf7 Kxf7 19. fxe6+ Bxe6 20. Bc7+
Bf6 21. Bxe6+ Kxe6 22. Bxd8 Rxd8 23. Re1+ Be5 24. g3 Rd2 25. Rb1 b6 26. a4 Rxc2
27. a5 bxa5 28. Rb7 Bxc3 29. Rxa7 Ra2 30. Ra6+ 30... Kd5 {monkeys resigns} 0-1

[Event "ICS rated blitz match"]
[Site "207.99.83.229"]
[Date "1999.06.10"]
[Round "?"]
[White "Hossa"]
[Black "monkeys"]
[Result "0-1"]
[WhiteElo "2523"]
[BlackElo "2216"]
[PlyCount "116"]

1. d4 Nf6 2. c4 g6 3. Nc3 Bg7 4. e4 d6 5. Nf3 O-O 6. Be2 e5 7. d5 Nbd7 8. O-O
a5 9. Be3 Nc5 10. Nd2 Ne8 11. f4 exf4 12. Rxf4 f5 13. Bxc5 dxc5 14. Qc2 Nd6 15.
Raf1 Bd4+ 16. Kh1 Be5 17. R4f2 Bd7 18. Qd3 Qh4 19. Nf3 fxe4 20. Nxh4 exd3 21.
Bxd3 Rxf2 22. Rxf2 Rf8 23. Rxf8+ Kxf8 24. Bxg6 Bf6 25. Bxh7 Bxh4 26. Ne4 Nxe4
27. Bxe4 Bf6 28. b3 Ke7 29. d6+ Kxd6 30. a4 Bc6 31. Bxc6 Kxc6 32. Kg1 Kd6 33.
Kf2 Ke5 34. Ke3 Bg5+ 35. Kd3 Kf4 36. Ke2 Ke4 37. g3 Kd4 38. h4 Bf6 39. Kd2 Be5
40. g4 Bg3 41. h5 Bf4+ 42. Ke2 Kc3 43. Kf3 Bh6 44. Ke4 Kxb3 45. Kf5 Bd2 46. g5
Kxa4 47. g6 Bh6 48. Ke6 Kb3 49. g7 Bxg7 50. Kf7 Bc3 51. Ke7 a4 52. Kd8 a3 53.
Kc8 a2 54. Kxc7 a1=Q 55. Kb6 Qa6+ 56. Kc7 Qc6+ 57. Kb8 Be5+ 58. Ka8 58... Qa6#
{Hossa checkmated} 0-1

[Event "ICS rated standard match"]
[Site "207.99.83.229"]
[Date "1999.06.10"]
[Round "?"]
[White "Ray-Ban"]
[Black "Hossa"]
[Result "0-1"]
[WhiteElo "2101"]
[BlackElo "2283"]
[PlyCount "94"]

1. e4 Nf6 2. e5 Nd5 3. d4 d6 4. c4 Nb6 5. Nc3 dxe5 6. dxe5 Qxd1+ 7. Kxd1 Bg4+
8. Be2 Bxe2+ 9. Ngxe2 Nxc4 10. f4 Nc6 11. b3 O-O-O+ 12. Kc2 Nb4+ 13. Kb1 Nb6
14. a3 Nc6 15. Be3 g5 16. g3 gxf4 17. gxf4 Nd7 18. Kb2 Bh6 19. Bc1 f6 20. exf6
Nxf6 21. f5 Bxc1+ 22. Raxc1 Rd2+ 23. Rc2 Rxc2+ 24. Kxc2 Ng4 25. Nd5 Rf8 26. h3
Nf2 27. Rf1 Rxf5 28. Ne3 Rc5+ 29. Kd2 Nxh3 30. Rh1 Ng5 31. b4 Re5 32. Nc4 Re4
33. Kd3 Ne5+ 34. Nxe5 Rxe5 35. Nd4 c6 36. Rf1 Kd7 37. a4 Ne6 38. Nf3 Rd5+ 39.
Ke3 Kd6 40. Nh4 a5 41. bxa5 Rxa5 42. Ra1 Re5+ 43. Kf3 Nd4+ 44. Kf2 Re2+ 45. Kg3
b6 46. Rd1 Kc5 47. Ng2 47... Ra2 {Ray-Ban resigns} 0-1

[Event "ICS rated blitz match"]
[Site "207.99.83.229"]
[Date "1999.06.10"]
[Round "?"]
[White "Hossa"]
[Black "Amateur"]
[Result "0-1"]
[WhiteElo "2479"]
[BlackElo "2533"]
[PlyCount "150"]

1. e4 e6 2. d4 d5 3. Nc3 Bb4 4. e5 c5 5. a3 Bxc3+ 6. bxc3 Ne7 7. Qg4 O-O 8. Bd3
cxd4 9. cxd4 Nbc6 10. Ne2 Qa5+ 11. c3 b6 12. O-O Ba6 13. Bh6 Ng6 14. Bxa6 Qxa6
15. Be3 Rfc8 16. Qh5 Na5 17. a4 Nc4 18. Rfb1 Nxe3 19. fxe3 Qd3 20. Kf2 Rc7 21.
Rd1 Qa6 22. Rd2 Rc4 23. Rda2 Qa5 24. Kg1 Rac8 25. Qf3 Ne7 26. Qf4 R8c7 27. Ra3
Rc8 28. R3a2 Rf8 29. Qg4 h6 30. e4 dxe4 31. Qxe4 Nd5 32. Qd3 Rfc8 33. Kh1 R8c7
34. h3 a6 35. Ra3 Rc8 36. Qe4 Nxc3 37. Nxc3 Rxc3 38. Rxc3 Qxc3 39. Rb1 Qc7 40.
Qe1 Qd8 41. Qf1 Qxd4 42. Qxa6 Rc2 43. Qb5 Qe4 44. Rg1 Rc3 45. Kh2 Kh7 46. Qb1
Rc2 47. Qxb6 Qxe5+ 48. Kh1 Kg6 49. Qb1 Qe2 50. a5 f5 51. Qe1 Qa6 52. Qg3+ Kf6
53. Ra1 Rc4 54. Qa3 Rc2 55. Qg3 g5 56. Kh2 e5 57. Qb3 Qc6 58. Rg1 Rd2 59. Qg8
Qc7 60. Qf8+ Kg6 61. Qg8+ Kh5 62. Kh1 f4 63. Qe8+ Kh4 64. Qg6 Qd6 65. Qf5 h5
66. Qe4 g4 67. hxg4 hxg4 68. Re1 Kg3 69. Qh7 Rxg2 70. Ra1 Qd5 71. Ra3+ f3 72.
Ra1 Qd2 73. Qh3+ Kxh3 74. Rf1 Rg1+ 75. Kxg1 75... Qg2# {Hossa checkmated} 0-1

[Event "ICS rated blitz match"]
[Site "207.99.83.229"]
[Date "1999.06.10"]
[Round "?"]
[White "Amateur"]
[Black "Hossa"]
[Result "1-0"]
[WhiteElo "2547"]
[BlackElo "2465"]
[PlyCount "103"]

1. e4 e5 2. Nf3 Nc6 3. Bc4 Be7 4. d4 exd4 5. Nxd4 Nf6 6. Nxc6 dxc6 7. Qxd8+
Bxd8 8. Nc3 b5 9. Bd3 O-O 10. Be3 b4 11. Ne2 Re8 12. f3 Be7 13. O-O-O Rd8 14.
Bc4 Nd7 15. Bf4 Nb6 16. Bb3 Bd6 17. e5 Be7 18. Nd4 c5 19. Nc6 Rxd1+ 20. Rxd1
Bh4 21. g3 c4 22. Bxc4 Nxc4 23. gxh4 Bb7 24. Nxb4 Bxf3 25. Rd3 c5 26. Rxf3 cxb4
27. Rd3 a5 28. h5 h6 29. b3 Na3 30. c4 bxc3 31. Rxc3 Nb5 32. Rd3 Rc8+ 33. Kb2
Na7 34. Rd5 Nc6 35. Rc5 Kh7 36. a4 Kg8 37. Bg3 Kh8 38. Be1 Re8 39. Rxc6 Rxe5
40. Bg3 Rxh5 41. Bc7 Rf5 42. Ka2 Rf2+ 43. Ka3 f5 44. h4 f4 45. Bxa5 Kh7 46. b4
g5 47. b5 gxh4 48. b6 Rf3+ 49. Kb2 Rf2+ 50. Kb3 Rf3+ 51. Kc4 Re3 52. b7 {
Hossa resigns} 1-0

[Event "ICS Rated blitz match"]
[Site "207.99.83.229"]
[Date "1999.06.10"]
[Round "?"]
[White "MoonShot"]
[Black "Hossa"]
[Result "0-1"]
[WhiteElo "2666"]
[BlackElo "2453"]
[PlyCount "148"]

1. e4 e5 2. d4 exd4 3. c3 dxc3 4. Bc4 cxb2 5. Bxb2 Bb4+ 6. Kf1 Nf6 7. e5 Ne4 8.
Bxf7+ Kxf7 9. Qf3+ Ke8 10. Qxe4 Nc6 11. Nc3 Bxc3 12. Bxc3 Qe7 13. Nf3 Kf7 14.
Qf4+ Kg8 15. Rd1 Qf7 16. Qa4 b5 17. Qxb5 Qxa2 18. Qc5 Rb8 19. g3 Qf7 20. Nd2 h5
21. Kg2 Rh6 22. Nf3 Bb7 23. Rd3 Rf8 24. Qa3 Re6 25. Rc1 Qf5 26. Rcd1 Ba8 27.
R1d2 Nxe5 28. Bxe5 Rxe5 29. Qc3 Re7 30. Ra2 Ref7 31. Ra3 Be4 32. Re3 Qd5 33.
Rxe4 Qxe4 34. Qe3 Qxe3 35. Rxe3 a5 36. Ng5 Rxf2+ 37. Kh3 g6 38. Re7 Rd8 39. g4
hxg4+ 40. Kg3 Rf1 41. Kxg4 a4 42. Re3 Ra8 43. Ne4 a3 44. Nc3 a2 45. Nxa2 Rxa2
46. h4 Ra4+ 47. Kg3 Rff4 48. Re7 Rg4+ 49. Kf3 Rad4 50. Re8+ Kg7 51. Re7+ Kf6
52. Re8 Rxh4 53. Rf8+ Kg5 54. Ra8 d5 55. Ra1 Rh3+ 56. Kg2 Rhd3 57. Kf2 Rd2+ 58.
Kf1 Rd1+ 59. Rxd1 Rxd1+ 60. Ke2 d4 61. Kxd1 d3 62. Kd2 c5 63. Kxd3 Kf4 64. Kc4
g5 65. Kxc5 g4 66. Kd5 g3 67. Kd4 g2 68. Kd5 g1=Q 69. Kc6 Ke5 70. Kb5 Kd5 71.
Kb4 Qg3 72. Ka5 Kc5 73. Ka4 Qh3 74. Ka5 74... Qa3# {MoonShot checkmated} 0-1

[Event "ICS Rated blitz match"]
[Site "207.99.83.229"]
[Date "1999.06.10"]
[Round "?"]
[White "Hossa"]
[Black "MissSilicon"]
[Result "1-0"]
[WhiteElo "2469"]
[BlackElo "2588"]
[PlyCount "127"]

1. e4 e6 2. d4 d5 3. Nc3 Nf6 4. e5 Ne4 5. Nxe4 dxe4 6. Bc4 c5 7. d5 Qb6 8. c3
Nd7 9. Qa4 g6 10. dxe6 fxe6 11. Nh3 Bg7 12. Ng5 h6 13. Nxe6 Bxe5 14. Bb3 Qc6
15. Qxc6 bxc6 16. O-O Ke7 17. Re1 c4 18. Bxc4 Nb6 19. Rxe4 Nxc4 20. Nc5 g5 21.
Rxc4 Rd8 22. Be3 Rd5 23. Bd4 Bxd4 24. cxd4 Kf7 25. Rac1 Bf5 26. h4 gxh4 27.
R1c3 Re8 28. Ra4 Re1+ 29. Kh2 Re2 30. Rxa7+ Kg6 31. Na4 Rxd4 32. Rxc6+ Kh5 33.
Raa6 Kg5 34. Rd6 Rf4 35. Nc3 Rexf2 36. Ra7 R4f3 37. Nd5 Bb1 38. Rg7+ Kh5 39.
Nc3 Bf5 40. Rd5 Rf4 41. Re5 Rg4 42. Rxg4 Kxg4 43. Nd1 Rd2 44. Ne3+ Kf4 45.
Rxf5+ Kxe3 46. Rb5 Ke2 47. a4 Kf1 48. Rf5+ Ke2 49. b4 Rd4 50. Rb5 Rg4 51. a5
Kf1 52. Rf5+ Ke2 53. b5 h3 54. gxh3 Ra4 55. b6 Rb4 56. Rh5 Kf3 57. h4 Rb2+ 58.
Kh3 Rb1 59. Rf5+ Ke4 60. Rf2 h5 61. Kg2 Rb3 62. Ra2 Kd5 63. a6 Rxb6 64. a7 {
MissSilicon resigns} 1-0

[Event "ICS Rated blitz match"]
[Site "207.99.83.229"]
[Date "1999.06.10"]
[Round "?"]
[White "MissSilicon"]
[Black "Hossa"]
[Result "0-1"]
[WhiteElo "2567"]
[BlackElo "2490"]
[PlyCount "96"]

1. Nf3 Nf6 2. c4 c5 3. Nc3 e6 4. d4 cxd4 5. Nxd4 Bb4 6. Nc2 Bxc3+ 7. bxc3 O-O
8. Ba3 Re8 9. g3 Qc7 10. Ne3 Nd5 11. Nxd5 Qxc4 12. e3 Qc6 13. Bg2 exd5 14. Qb3
a5 15. Rd1 a4 16. Qb2 Ra5 17. Qd2 Qc7 18. c4 Na6 19. cxd5 Nc5 20. d6 Qd8 21.
Qc2 b6 22. Bb4 Rb5 23. Bc3 Bb7 24. Bxb7 Nxb7 25. Qxa4 Rc5 26. Qd4 Qg5 27. Bb4
Rc6 28. O-O Rec8 29. Rd2 Qh6 30. Rfd1 Qh3 31. e4 Nd8 32. f3 Ne6 33. Qd5 Rc4 34.
Ba3 Rc3 35. Rd3 Rc2 36. R1d2 R8c6 37. Rxc2 Rxc2 38. Rd2 Rc3 39. Qa8+ Nf8 40.
Bb2 Rxf3 41. Qa6 Qh6 42. Rd3 Re3 43. Rd4 Re1+ 44. Kg2 Qe3 45. Kh3 Re2 46. Qb5
Qf2 47. Qf5 Qxh2+ 48. Kg4 48... Re3 {MissSilicon resigns} 0-1

[Event "ICS rated blitz match"]
[Site "207.99.83.229"]
[Date "1999.06.10"]
[Round "?"]
[White "evbad"]
[Black "Hossa"]
[Result "0-1"]
[WhiteElo "2367"]
[BlackElo "2509"]
[PlyCount "25"]

1. e4 c5 2. Nf3 e6 3. d4 cxd4 4. Nxd4 a6 5. Bd3 Nc6 6. Nxc6 dxc6 7. Nd2 Nf6 8.
O-O Be7 9. Nc4 b5 10. Ne5 Bb7 11. Bf4 Bd6 12. Bg3 c5 13. Nxf7 {evbad resigns}
0-1

[Event "ICS Rated blitz match"]
[Site "207.99.83.229"]
[Date "1999.06.10"]
[Round "?"]
[White "Hossa"]
[Black "MissSilicon"]
[Result "0-1"]
[WhiteElo "2519"]
[BlackElo "2548"]
[PlyCount "126"]

1. e4 c5 2. c3 e6 3. d4 d5 4. Nd2 cxd4 5. cxd4 dxe4 6. Nxe4 Bb4+ 7. Ke2 Nf6 8.
Bg5 Qd5 9. Nxf6+ gxf6 10. Qc2 Nc6 11. Bxf6 Nxd4+ 12. Bxd4 Qxd4 13. Nf3 Qb6 14.
Qe4 O-O 15. Ng5 Qb5+ 16. Kf3 Qxg5 17. Qxb4 Rd8 18. Re1 Bd7 19. Qg4 Bc6+ 20. Kg3
Qxg4+ 21. Kxg4 Rd2 22. f3 Rxb2 23. a3 Rd8 24. Kg3 Ra2 25. Re3 Ra1 26. Rb3 a6
27. f4 Rdd1 28. Kf2 Bb5 29. Bxb5 Rxh1 30. Bd3 Ra2+ 31. Be2 b5 32. Rg3+ Kh8 33.
f5 Rxh2 34. fxe6 fxe6 35. Kg1 Rh6 36. Re3 Kg7 37. Bg4 Rg6 38. Be2 Kf6 39. Kh2
Rg5 40. Bf3 Rd2 41. Be4 h5 42. Bb7 a5 43. Bf3 Rd4 44. g3 Ke7 45. Kh3 Kd6 46.
Rb3 a4 47. Rc3 Rf5 48. Rc6+ Ke7 49. Rc7+ Kd8 50. Rc3 e5 51. Bc6 e4 52. g4 Re5
53. gxh5 Rd3+ 54. Rxd3+ exd3 55. Bf3 b4 56. h6 bxa3 57. h7 Re8 58. Be4 d2 59.
Bf3 a2 60. Kg3 a1=Q 61. Kh2 Re3 62. Bd1 Qe5+ 63. Kh1 63... Rh3+ {Hossa resigns}
0-1

[Event "ICS Rated blitz match"]
[Site "207.99.83.229"]
[Date "1999.06.10"]
[Round "?"]
[White "StrongBach"]
[Black "Hossa"]
[Result "0-1"]
[WhiteElo "1889"]
[BlackElo "2504"]
[PlyCount "82"]

1. d4 Nf6 2. Nc3 d5 3. Nf3 e6 4. Bf4 Bb4 5. Bd2 O-O 6. e3 Bd7 7. h4 c5 8. a3
Bxc3 9. Bxc3 Ne4 10. dxc5 Nxc3 11. bxc3 Qa5 12. Qd2 Qxc5 13. Qd4 Rc8 14. Bd3
Qxc3+ 15. Qxc3 Rxc3 16. Ne5 f6 17. Nxd7 Nxd7 18. Kd1 Ne5 19. Kd2 Rac8 20. g3
Nxd3 21. cxd3 Rc2+ 22. Ke1 R8c3 23. Rh2 Rc1+ 24. Rxc1 Rxc1+ 25. Ke2 Ra1 26. Kd2
Kf7 27. g4 Ra2+ 28. Kd1 Ke7 29. Rh3 Kd6 30. Rf3 Rxa3 31. d4 Ra2 32. h5 h6 33.
Rf4 Kc6 34. Rf3 Kb6 35. Ke1 Kc6 36. Kd1 Kb5 37. Rf4 b6 38. Kc1 Kc4 39. Kb1 Re2
40. Ka1 Kb3 41. Kb1 41... Re1# {StrongBach checkmated} 0-1

[Event "ICS Rated blitz match"]
[Site "207.99.83.229"]
[Date "1999.06.10"]
[Round "?"]
[White "Hossa"]
[Black "Data"]
[Result "0-1"]
[WhiteElo "2505"]
[BlackElo "2858"]
[PlyCount "115"]

1. e4 c5 2. Ne2 Nc6 3. d4 cxd4 4. Nxd4 g6 5. Nxc6 bxc6 6. Bd3 Bg7 7. O-O Nf6 8.
e5 Nd5 9. Be4 Nb6 10. Qe2 Bxe5 11. Bxc6 Bxh2+ 12. Kxh2 Qc7+ 13. Kg1 Qxc6 14.
Re1 O-O 15. Bh6 Re8 16. Qe5 f6 17. Qc3 e5 18. Re3 Nd5 19. Qb3 Ba6 20. Rc3 Qd6
21. Nd2 Rab8 22. Qa3 Rb6 23. Qxd6 Rxd6 24. Ra3 Nf4 25. Ne4 Rc6 26. Ra5 Ne2+ 27.
Kh1 Rb8 28. b3 Rb5 29. Ra3 g5 30. c4 f5 31. Bxg5 Rbb6 32. g4 fxe4 33. Be3 Nd4
34. Rd1 Rg6 35. g5 Rbd6 36. Ra4 Nf3 37. Rxd6 Rxd6 38. Kg2 Rg6 39. Kh3 Bc8 40.
Rxa7 d5+ 41. Kg3 dxc4 42. Ra8 Rc6 43. bxc4 Kf7 44. Ra7+ Kg6 45. c5 Nxg5 46.
Bxg5 Kxg5 47. Rxh7 Rxc5 48. Rg7+ Kf6 49. Ra7 Rc3+ 50. Kg2 Kg5 51. Ra5 Kf4 52.
Ra4 Rc2 53. Kg1 Rc1+ 54. Kh2 Kf3 55. Ra7 Kxf2 56. Rf7+ Ke2 57. a4 e3 58. Rg7 {
Hossa resigns} 0-1

[Event "ICS Rated blitz match"]
[Site "207.99.83.229"]
[Date "1999.06.10"]
[Round "?"]
[White "Data"]
[Black "Hossa"]
[Result "1-0"]
[WhiteElo "2862"]
[BlackElo "2501"]
[PlyCount "102"]

1. e4 c5 2. Nf3 e6 3. d4 cxd4 4. Nxd4 a6 5. Nc3 Nc6 6. g3 Bb4 7. Nxc6 Bxc3+ 8.
bxc3 bxc6 9. Bg2 Ne7 10. O-O a5 11. Ba3 Ba6 12. Re1 O-O 13. Qd4 Re8 14. Bc5 Rb8
15. Reb1 Rxb1+ 16. Rxb1 d5 17. Bb6 Qa8 18. a4 dxe4 19. Bxe4 Rb8 20. Rb3 f5 21.
Bg2 Re8 22. c4 Bb7 23. Qc5 f4 24. Bxa5 fxg3 25. hxg3 Qc8 26. Bc3 Qd7 27. Qe5
Nf5 28. g4 Nh4 29. Qxg7+ Qxg7 30. Bxg7 Ba8 31. Be5 c5 32. Bxa8 Rxa8 33. Bg3
Rxa4 34. Bxh4 Rxc4 35. f3 Rxc2 36. Rb7 Rc3 37. Kf2 Rc2+ 38. Kg3 c4 39. Bf6 h6
40. Bg7 Kh7 41. Rc7 Re2 42. Kf4 Rc2 43. Bc3+ Kg8 44. Rxc4 Kf7 45. Rc7+ Kg8 46.
Rg7+ Kf8 47. Bf6 Rh2 48. Re7 Rh1 49. Rxe6 h5 50. g5 Rh2 51. g6 51... Rg2 {
Hossa resigns} 1-0

[Event "ICS rated standard match"]
[Site "207.99.83.229"]
[Date "1999.06.10"]
[Round "?"]
[White "Hossa"]
[Black "Emi-theGreat"]
[Result "1/2-1/2"]
[WhiteElo "2291"]
[BlackElo "1975"]
[PlyCount "130"]

1. e4 e5 2. Nf3 d6 3. d4 Nd7 4. Nc3 c6 5. Bc4 Be7 6. Qe2 Ngf6 7. Bd2 O-O 8.
O-O-O Qc7 9. h3 b5 10. Bd3 a5 11. g4 a4 12. g5 Ne8 13. a3 Bb7 14. d5 cxd5 15.
exd5 b4 16. axb4 Nb6 17. Kb1 Nxd5 18. Bxh7+ Kxh7 19. Qe4+ f5 20. gxf6+ Kg8 21.
f7+ Rxf7 22. Nxd5 Nf6 23. Nxc7 Bxe4 24. Nxa8 Bxf3 25. Nb6 d5 26. Rhg1 Bd8 27.
Nxa4 Ne4 28. Be3 d4 29. Nc3 Bh4 30. Bxd4 exd4 31. Nxe4 Bxe4 32. Rxd4 Bxf2 33.
Rxg7+ Kxg7 34. Rxe4 Rf3 35. Re2 Kf6 36. c3 Bh4 37. Rh2 Ke5 38. Rh1 Kd5 39. Kc2
Kc4 40. b3+ Kb5 41. Rd1 Rxh3 42. Rd5+ Kb6 43. Rh5 Rh2+ 44. Kd3 Bg3 45. Rf5 Be1
46. Rf6+ Kb7 47. Rf3 Rh4 48. Re3 Bf2 49. Re2 Rf4 50. Rc2 Bg1 51. Rb2 Rg4 52.
Re2 Kb6 53. Ra2 Rg3+ 54. Kc4 Rg4+ 55. Kd5 Rg5+ 56. Ke4 Rg3 57. Rc2 Rh3 58. Kf5
Bf2 59. b5 Kxb5 60. Rc1 Be1 61. c4+ Kc5 62. Rxe1 Rxb3 63. Rc1 Rb4 64. Ke4 Rxc4+
65. Rxc4+ 65... Kxc4 {Game drawn because neither player has mating material}
1/2-1/2

[Event "ICS rated blitz match"]
[Site "207.99.83.229"]
[Date "1999.06.10"]
[Round "?"]
[White "Hossa"]
[Black "MissSilicon"]
[Result "0-1"]
[WhiteElo "2497"]
[BlackElo "2532"]
[PlyCount "99"]

1. e4 d5 2. exd5 Qxd5 3. Nc3 Qa5 4. Bd3 Nc6 5. Nf3 Nb4 6. Bb5+ c6 7. Ba4 Nf6 8.
a3 Nbd5 9. Bb3 Bf5 10. Ne5 e6 11. Nxd5 exd5 12. O-O Bd6 13. d4 O-O 14. Qf3 Be4
15. Qg3 Rae8 16. Bh6 Bg6 17. Bf4 Nh5 18. Qg4 Nxf4 19. Qxf4 Qc7 20. Qg4 Bxe5 21.
dxe5 Qxe5 22. Qb4 Qxb2 23. Rab1 Qf6 24. Qxb7 Re7 25. Qb4 Rfe8 26. Rfe1 Re6 27.
Rxe6 Qxe6 28. Ba4 Bf5 29. Qb8 f6 30. Qb4 c5 31. Qa5 Re7 32. Qd8+ Kf7 33. h4 h5
34. Bb3 c4 35. Ba4 Bg4 36. Kh1 c3 37. f3 Bxf3 38. gxf3 Qh3+ 39. Kg1 Qg3+ 40.
Kf1 Qxf3+ 41. Kg1 Qg4+ 42. Kf1 Qxa4 43. Qxd5+ Kg6 44. Qd3+ Kh6 45. Qxc3 Qf4+
46. Kg1 Re3 47. Qxe3 Qxe3+ 48. Kf1 Qf3+ 49. Kg1 Qxa3 50. Kg2 {Hossa resigns}
0-1

[Event "ICS rated standard match"]
[Site "207.99.83.229"]
[Date "1999.06.10"]
[Round "?"]
[White "Emi-theGreat"]
[Black "Hossa"]
[Result "0-1"]
[WhiteElo "1987"]
[BlackElo "2279"]
[PlyCount "50"]

1. e4 c5 2. Nf3 e6 3. c3 d5 4. e5 Nc6 5. d4 cxd4 6. cxd4 Bb4+ 7. Bd2 Qb6 8.
Bxb4 Qxb4+ 9. Qd2 Nge7 10. Bd3 Bd7 11. O-O Qb6 12. Be2 Nf5 13. Rd1 O-O 14. Nc3
Rac8 15. Rac1 Qb4 16. g4 Nfe7 17. Nb5 Qxd2 18. Nxd2 f6 19. Nd6 Nxd4 20. Nxc8
Nxe2+ 21. Kf1 Nxc1 22. Nxa7 Nd3 23. exf6 Rxf6 24. f3 e5 25. b3 25... Ra6 {
Emi-theGreat resigns} 0-1

[Event "ICS rated blitz match"]
[Site "207.99.83.229"]
[Date "1999.06.10"]
[Round "?"]
[White "Hossa"]
[Black "Tim"]
[Result "1-0"]
[WhiteElo "2483"]
[BlackElo "2397"]
[PlyCount "56"]

1. e4 d5 2. exd5 Nf6 3. Bb5+ Bd7 4. Bc4 b5 5. Bb3 Bg4 6. f3 Bc8 7. Ne2 Nxd5 8.
a4 b4 9. O-O e6 10. c4 Nf6 11. d4 Bd6 12. Bg5 Nbd7 13. Bc2 h6 14. Be3 O-O 15.
Nd2 c5 16. Ne4 Nxe4 17. fxe4 cxd4 18. Nxd4 Bc5 19. Qe2 Bb7 20. Rad1 Qe7 21. b3
a5 22. Rd2 Rad8 23. Kh1 Ne5 24. Qh5 f6 25. Rfd1 Bxd4 26. Bxd4 Nc6 27. Bc5 Rxd2
28. Bxe7 28... Rxd1+ {Tim resigns} 1-0

[Event "ICS rated blitz match"]
[Site "207.99.83.229"]
[Date "1999.06.10"]
[Round "?"]
[White "MiddleHead"]
[Black "Hossa"]
[Result "0-1"]
[WhiteElo "2198"]
[BlackElo "2495"]
[PlyCount "42"]

1. e4 c5 2. Nf3 e6 3. d4 cxd4 4. Nxd4 Nf6 5. Nc3 d6 6. Be3 a6 7. a4 d5 8. exd5
exd5 9. Be2 Bb4 10. O-O O-O 11. Qd3 Nbd7 12. Na2 Bd6 13. c3 Ne5 14. Qc2 Neg4
15. Bxg4 Nxg4 16. h3 Bh2+ 17. Kh1 Bb8 18. Rae1 Nxe3 19. Rxe3 Qc7 20. f4 Qc4 21.
Kg1 21... Qxa2 {MiddleHead resigns} 0-1

[Event "ICS rated standard match"]
[Site "207.99.83.229"]
[Date "1999.06.10"]
[Round "?"]
[White "Hossa"]
[Black "alkhateeb"]
[Result "0-1"]
[WhiteElo "2284"]
[BlackElo "2322"]
[PlyCount "72"]

1. e4 c5 2. Nf3 e6 3. d4 cxd4 4. Nxd4 Nc6 5. Nc3 Qc7 6. Be2 a6 7. O-O Nf6 8.
Be3 Bb4 9. Na4 O-O 10. Nxc6 bxc6 11. Nb6 Rb8 12. Nxc8 Rfxc8 13. Bxa6 Rf8 14.
Bd3 Bd6 15. f4 e5 16. Bc1 exf4 17. Kh1 Be5 18. c3 Kh8 19. Qf3 g5 20. Bc2 Rg8
21. Qd3 g4 22. Bb3 Rg7 23. Bc4 Rd8 24. Rf2 g3 25. hxg3 fxg3 26. Rf5 d5 27. exd5
cxd5 28. Bb3 d4 29. Qe2 Ng4 30. Bg5 Nf2+ 31. Rxf2 d3 32. Rxf7 dxe2 33. Rxc7
Rxg5 34. Rc5 Rf5 35. Re1 Rf1+ 36. Rxf1 36... exf1=Q# {Hossa checkmated} 0-1

[Event "ICS rated standard match"]
[Site "207.99.83.229"]
[Date "1999.06.10"]
[Round "?"]
[White "Kind-Bishop"]
[Black "Hossa"]
[Result "0-1"]
[WhiteElo "1953"]
[BlackElo "2270"]
[PlyCount "96"]

1. e4 c5 2. Nf3 e6 3. d4 cxd4 4. Nxd4 Nf6 5. Nc3 d6 6. Bb5+ Bd7 7. Qe2 Be7 8.
O-O O-O 9. Bd3 Nc6 10. Nf3 Rc8 11. a3 Qa5 12. Bd2 Qh5 13. Bf4 Qg4 14. Bg3 Nh5
15. h3 Nxg3 16. hxg4 Nxe2+ 17. Nxe2 d5 18. e5 f6 19. exf6 Bxf6 20. c3 e5 21.
Bc2 Bxg4 22. Bb3 Rcd8 23. Rad1 Ne7 24. Rd2 Bxf3 25. gxf3 Bg5 26. Rd3 Rd7 27.
Rfd1 Rfd8 28. Kg2 a5 29. Ng3 b5 30. Ne4 Bf4 31. Nc5 Rd6 32. Nb7 Rg6+ 33. Kf1
Rb8 34. Nxa5 Ra6 35. Nb7 Rxb7 36. Bxd5+ Nxd5 37. Rxd5 Rc6 38. Rd8+ Kf7 39. Rh8
Rh6 40. Rdd8 Bc1 41. Rhf8+ Ke7 42. Rfe8+ Kf6 43. Rf8+ Ke6 44. Rfe8+ Kf5 45.
Rf8+ Rf6 46. Rfe8 Bxb2 47. Rd3 Bxa3 48. Re3 48... Bd6 {Kind-Bishop resigns} 0-1

[Event "ICS rated blitz match"]
[Site "207.99.83.229"]
[Date "1999.06.10"]
[Round "?"]
[White "VESta"]
[Black "Hossa"]
[Result "0-1"]
[WhiteElo "2364"]
[BlackElo "2500"]
[PlyCount "36"]

1. d4 Nf6 2. Nf3 g6 3. g3 Bg7 4. Bg2 O-O 5. O-O d5 6. c4 c6 7. cxd5 cxd5 8. Nc3
Nc6 9. Ne5 Bf5 10. f4 Nb4 11. a3 Nc6 12. Be3 Rc8 13. Kh1 Qb6 14. Nxd5 Nxd5 15.
Bxd5 Nxe5 16. fxe5 Rcd8 17. Qb3 Be4+ 18. Kg1 18... Bxd5 {VESta resigns} 0-1

[Event "ICS rated blitz match"]
[Site "207.99.83.229"]
[Date "1999.06.10"]
[Round "?"]
[White "Hossa"]
[Black "Chemberlen"]
[Result "1-0"]
[WhiteElo "2510"]
[BlackElo "2533"]
[PlyCount "57"]

1. e4 c6 2. d4 d5 3. e5 Bf5 4. Nf3 e6 5. Be2 Ne7 6. O-O Nd7 7. Ng5 h6 8. Nf3 c5
9. dxc5 Nc6 10. Bf4 Bxc5 11. c4 Nb6 12. cxd5 Nxd5 13. Bg3 O-O 14. Qb3 Qb6 15.
Qxb6 Bxb6 16. Nbd2 Rac8 17. Nc4 Bg6 18. Rfd1 Rc7 19. Nxb6 Nxb6 20. Rac1 Rfc8
21. Kh1 Nd5 22. Rc4 Ncb4 23. Rxc7 Rxc7 24. a3 Nc6 25. Rc1 a6 26. Bf1 Na5 27.
Rxc7 Nxc7 28. Nd4 Nd5 29. b4 {Chemberlen resigns} 1-0